000 00349nam a2200157Ia 4500
003 IT-RoPAU
008 120407s9999 xx 000 0 und d
040 _aIT-RoPAU
040 _cIT-RoPAU
100 _aJ. Neville Ward
245 _a5 per il dolore e 10 per la gioia
260 _aEdizioni Paoline
300 _c cm
490 _v1
942 _cBK
999 _c3207
_d3207